[Event "CZE-chT1W 1819"]
[Site "Czech Republic"]
[Date "2019.01.06"]
[Round "5.8"]
[White "Lysek, Lukas"]
[Black "Haase, Pavel"]
[Result "0-1"]
[WhiteElo "1952"]
[BlackElo "2128"]
[PlyCount "68"]
[EventDate "2018.10.21"]
[EventType "team-tourn"]
[EventRounds "11"]
[EventCountry "CZE"]
[SourceTitle "CBM 188 Extra"]
[Source "ChessBase"]
[SourceDate "2019.02.28"]
[SourceVersion "1"]
[SourceVersionDate "2019.02.28"]
[SourceQuality "1"]
[WhiteTeam "Praha Dukla"]
[BlackTeam "Praha DP Tarok"]
[WhiteTeamCountry "CZE"]
[BlackTeamCountry "CZE"]

1. Nf3 Nf6 2. c4 c5 3. Nc3 d5 4. cxd5 Nxd5 5. e4 Nxc3 6. dxc3 Qxd1+ 7. Kxd1 Bg4 8. h3 Bxf3+ 9. gxf3 Nd7 10. f4 e6 11. Be3 0-0-0 12. Kc2 Nf6 13. Bg2 Be7 14. Rhd1 Kc7 15. a4 b6 16. a5 b5 17. b4 cxb4 18. Bxa7 Kb7 19. Bd4 Ka6 20. Kb3 bxc3 21. Bxc3 Rxd1 22. Rxd1 Rd8 23. Rc1 Rd3 24. Kb2 Nh5 25. Bf1 Rf3 26. Rc2 Nxf4 27. Bd2 Rxf2 28. Bxf4 Rxf4 29. Bd3 Rf3 30. Rc6+ Kxa5 31. Bc2 Rxh3 32. Rc7 Bf6+ 33. Kc1 b4 34. Rxf7 b3 0-1

[Event "CZE-chT2C 1718"]
[Site "Czech Republic"]
[Date "2018.01.28"]
[Round "7.7"]
[White "Lysek, Lukas"]
[Black "Seidl, Pavel"]
[Result "1-0"]
[WhiteElo "1956"]
[BlackElo "1906"]
[PlyCount "61"]
[EventDate "2017.10.15"]
[EventType "team-tourn"]
[EventRounds "11"]
[EventCountry "CZE"]
[SourceTitle "EXT 2022"]
[Source "ChessBase"]
[SourceDate "2021.10.06"]
[SourceVersion "1"]
[SourceVersionDate "2021.10.06"]
[SourceQuality "1"]
[WhiteTeam "Praha Dukla"]
[BlackTeam "Jihlava Gambit"]
[WhiteTeamCountry "CZE"]
[BlackTeamCountry "CZE"]

1. d4 Nf6 2. Nf3 d6 3. c4 g6 4. Nc3 Bg7 5. e4 0-0 6. Be2 c5 7. d5 Nbd7 8. h3 a6 9. 0-0 Rb8 10. a4 Ne8 11. Be3 Nc7 12. Qd2 Nf6 13. Ne1 Bd7 14. a5 b5 15. axb6 Rxb6 16. Nd3 e6 17. Nxc5 dxc5 18. Bxc5 Qb8 19. Bxb6 Qxb6 20. Qe3 Rb8 21. c5 Qa7 22. c6 Qxe3 23. fxe3 Bc8 24. d6 Rxb2 25. Rab1 Rxb1 26. Rxb1 Nce8 27. Rb8 Nxd6 28. e5 Nfe8 29. exd6 Nxd6 30. Na4 Bf8 31. Nb6 1-0

[Event "CZE-chT2A 1617"]
[Site "Czech Republic"]
[Date "2016.11.13"]
[Round "3.8"]
[White "Fryc, Miroslav"]
[Black "Lysek, Lukas"]
[Result "1-0"]
[WhiteElo "2150"]
[BlackElo "1966"]
[PlyCount "45"]
[EventDate "2016.10.09"]
[EventType "team-tourn"]
[EventRounds "11"]
[EventCountry "CZE"]
[SourceTitle "EXT 2022"]
[Source "ChessBase"]
[SourceDate "2021.10.06"]
[SourceVersion "1"]
[SourceVersionDate "2021.10.06"]
[SourceQuality "1"]
[WhiteTeam "Karlovy Vary Tietz"]
[BlackTeam "Praha Dukla"]
[WhiteTeamCountry "CZE"]
[BlackTeamCountry "CZE"]

1. e4 e5 2. Nc3 Nf6 3. f4 d5 4. fxe5 Nxe4 5. Nf3 Be7 6. Qe2 Nxc3 7. dxc3 c5 8. Be3 Nc6 9. 0-0-0 0-0 10. h4 Be6 11. Ng5 Qd7 12. Qh5 h6 13. Nxe6 Qxe6 14. Bf4 c4 15. g3 g6 16. Qe2 Rfd8 17. Bh3 f5 18. g4 d4 19. gxf5 gxf5 20. Qh5 Qf7 21. Rhg1+ Kf8 22. Qxh6+ Ke8 23. e6 1-0

[Event "Vsetin op 40th"]
[Site "Vsetin"]
[Date "2015.07.07"]
[Round "5"]
[White "Kapusta, Petr"]
[Black "Lysek, Lukas"]
[Result "1-0"]
[WhiteElo "2088"]
[BlackElo "1959"]
[PlyCount "117"]
[EventDate "2015.07.04"]
[EventType "swiss"]
[EventRounds "9"]
[EventCountry "CZE"]
[SourceTitle "CBM 167 Extra"]
[Source "ChessBase"]
[SourceDate "2015.09.14"]
[SourceVersion "1"]
[SourceVersionDate "2015.09.14"]
[SourceQuality "1"]

1. e4 e6 2. d4 d5 3. Nd2 Nf6 4. e5 Nfd7 5. Bd3 c5 6. c3 Nc6 7. Ne2 cxd4 8. cxd4 f6 9. exf6 Nxf6 10. Nf3 Bd6 11. 0-0 Qc7 12. Bg5 0-0 13. Bh4 Bd7 14. Bg3 Nh5 15. Qc2 h6 16. Bh7+ Kh8 17. Bg6 Nxg3 18. hxg3 Ne7 19. Nc3 Nxg6 20. Qxg6 Rf6 21. Qd3 a6 22. Rfe1 Raf8 23. Nh4 Be8 24. f4 g5 25. Nf3 gxf4 26. Ne5 fxg3 27. Qxg3 Rg8 28. Qh3 Qg7 29. Rad1 Bxe5 30. Rxe5 Qg4 31. Qxg4 Rxg4 32. Nxd5 Rfg6 33. Ne3 Rg3 34. d5 Bd7 35. d6 R3g5 36. Rxg5 hxg5 37. Nc4 Rg7 38. Ne5 Kg8 39. Rf1 b6 40. Rf6 a5 41. Kf2 a4 42. a3 g4 43. Nxd7 Rxd7 44. Rxe6 Kf7 45. Re7+ Rxe7 46. dxe7 Kxe7 47. Kg3 Kd6 48. Kxg4 Kc5 49. Kf4 Kc4 50. g4 Kb3 51. g5 Kxb2 52. g6 Kxa3 53. g7 Kb2 54. g8Q a3 55. Qg2+ Kb1 56. Qg1+ Kb2 57. Qxb6+ Ka1 58. Qd4+ Kb1 59. Qb4+ 1-0

[Event "Vsetin op 40th"]
[Site "Vsetin"]
[Date "2015.07.05"]
[Round "2"]
[White "Lysek, Lukas"]
[Black "Havelka, Ondrej"]
[Result "1/2-1/2"]
[WhiteElo "1959"]
[BlackElo "1856"]
[PlyCount "28"]
[EventDate "2015.07.04"]
[EventType "swiss"]
[EventRounds "9"]
[EventCountry "CZE"]
[SourceTitle "CBM 167 Extra"]
[Source "ChessBase"]
[SourceDate "2015.09.14"]
[SourceVersion "1"]
[SourceVersionDate "2015.09.14"]
[SourceQuality "1"]

1. d4 d5 2. c4 e6 3. Nc3 Be7 4. Nf3 Nf6 5. cxd5 exd5 6. Bg5 c6 7. e3 Bf5 8. Bd3 Ne4 9. Bxe7 Qxe7 10. 0-0 Nd7 11. Bxe4 Bxe4 12. Nxe4 dxe4 13. Nd2 0-0 14. Qc2 Nf6 1/2-1/2

[Event "Vsetin op 40th"]
[Site "Vsetin"]
[Date "2015.07.04"]
[Round "1"]
[White "Sosna, Jan"]
[Black "Lysek, Lukas"]
[Result "1/2-1/2"]
[WhiteElo "2358"]
[BlackElo "1959"]
[PlyCount "81"]
[EventDate "2015.07.04"]
[EventType "swiss"]
[EventRounds "9"]
[EventCountry "CZE"]
[SourceTitle "CBM 167 Extra"]
[Source "ChessBase"]
[SourceDate "2015.09.14"]
[SourceVersion "1"]
[SourceVersionDate "2015.09.14"]
[SourceQuality "1"]

1. d4 Nf6 2. Nf3 e6 3. Bg5 d5 4. e3 h6 5. Bh4 Be7 6. Nbd2 Nbd7 7. Bd3 c5 8. c3 Qb6 9. Rb1 cxd4 10. exd4 Qa5 11. a3 0-0 12. 0-0 Re8 13. Re1 Nf8 14. Ne5 Bd7 15. Qe2 a6 16. f4 Bb5 17. Bxb5 Qxb5 18. Qxb5 axb5 19. Bxf6 Bxf6 20. Ng4 Nd7 21. Re2 h5 22. Ne3 g6 23. h3 g5 24. Rbe1 Nb6 25. fxg5 Bxg5 26. Nf3 Bxe3+ 27. Rxe3 Nc4 28. R3e2 Kg7 29. Ne5 Nd6 30. Rf1 f5 31. g4 hxg4 32. hxg4 Kf6 33. Rg2 Rg8 34. Rff2 Ke7 35. gxf5 Nxf5 36. Rf4 Rxg2+ 37. Kxg2 Rg8+ 38. Kf1 Rg7 39. Rf3 Ng3+ 40. Ke1 Ne4 41. Kd1 1/2-1/2

[Event "CZE-chT2A 1415"]
[Site "Czech Republic"]
[Date "2015.02.22"]
[Round "8.7"]
[White "Hlavsa, Filip"]
[Black "Lysek, Lukas"]
[Result "1/2-1/2"]
[WhiteElo "1868"]
[BlackElo "2029"]
[PlyCount "113"]
[EventDate "2014.11.02"]
[EventType "team-tourn"]
[EventRounds "11"]
[EventCountry "CZE"]
[SourceTitle "EXT 2022"]
[Source "ChessBase"]
[SourceDate "2021.10.06"]
[SourceVersion "1"]
[SourceVersionDate "2021.10.06"]
[SourceQuality "1"]
[WhiteTeam "Pisek"]
[BlackTeam "Praha Dukla"]
[WhiteTeamCountry "CZE"]
[BlackTeamCountry "CZE"]

1. e4 e5 2. Nf3 Nc6 3. d3 Nf6 4. c3 d5 5. Nbd2 Be7 6. Be2 0-0 7. 0-0 Bg4 8. Qc2 Re8 9. b4 a6 10. a4 d4 11. Nb3 Bxf3 12. Bxf3 dxc3 13. b5 Nb4 14. Qxc3 Qxd3 15. Bb2 b6 16. Rfd1 Qxc3 17. Bxc3 Bf8 18. g4 h6 19. h3 a5 20. Rac1 Na2 21. Rc2 Nxc3 22. Rxc3 Bd6 23. Bg2 Rad8 24. Rdc1 Nd7 25. Rc6 Nc5 26. Nxc5 Bxc5 27. Rxc7 Rd2 28. R1xc5 bxc5 29. b6 Rb2 30. b7 c4 31. Bf1 Rb6 32. Bxc4 Rf8 33. Bd5 g6 34. Rc5 Ra6 35. Rc8 Rb6 36. Ra8 Kg7 37. Rxa5 Rb8 38. Ra7 Kf6 39. a5 Rb1+ 40. Kg2 Ke7 41. Ra8 R8xb7 42. Bxb7 Rxb7 43. a6 Rb3 44. a7 Ra3 45. Kf1 Kf6 46. h4 Kg7 47. Re8 Rxa7 48. Rxe5 Kf6 49. Rd5 Ra4 50. f3 Ra2 51. h5 Rb2 52. hxg6 Kxg6 53. Rf5 Ra2 54. e5 Rb2 55. Rf6+ Kg7 56. Rf4 Kg6 57. Rf6+ 1/2-1/2

[Event "Klatovy op-B"]
[Site "Klatovy"]
[Date "2001.??.??"]
[Round "?"]
[White "Jenicek, Emil"]
[Black "Lysek, Lukas"]
[Result "1/2-1/2"]
[WhiteElo "1840"]
[BlackElo "1730"]
[PlyCount "42"]
[EventDate "2001.07.??"]
[EventType "swiss"]
[EventRounds "9"]
[EventCountry "CZE"]
[SourceTitle "EXT 2006"]
[Source "ChessBase"]
[SourceDate "2005.11.24"]
[SourceVersion "1"]
[SourceVersionDate "2005.11.24"]
[SourceQuality "1"]

1. d4 Nf6 2. c4 g6 3. Nc3 d5 4. Bg5 Ne4 5. Bh4 Nxc3 6. bxc3 Bg7 7. e3 c6 8. Bd3 Qa5 9. Qb3 Nd7 10. Ne2 Nf6 11. 0-0 0-0 12. Rab1 dxc4 13. Bxc4 Bf5 14. Rbd1 Qb6 15. f3 Qxb3 16. Bxb3 a5 17. e4 a4 18. exf5 axb3 19. fxg6 Nd5 20. gxh7+ Kxh7 21. Rd2 Rxa2 1/2-1/2